Welcome to the Holygrace Academy Library

Please use search bar below to get started

111 BALAKAVITHAKAL (Record no. 4426)

MARC details
000 -LEADER
fixed length control field 00327nam a22001457a 4500
020 ## - INTERNATIONAL STANDARD BOOK NUMBER
ISBN 978-93-82515-79-1
082 ## - DEWEY DECIMAL CLASSIFICATION NUMBER
Classification number 894.812.1
Item number PON/H
100 ## - MAIN ENTRY--AUTHOR NAME
Personal name PONNANI, IBRAHIM
245 ## - TITLE STATEMENT
Title 111 BALAKAVITHAKAL
260 ## - PUBLICATION, DISTRIBUTION, ETC. (IMPRINT)
Place of publication THRISSUR
Name of publisher H & C PUBLISHING HOUSE
Year of publication 2012
300 ## - PHYSICAL DESCRIPTION
Number of Pages 96
520 ## - SUMMARY, ETC.
Summary, etc POETRY
650 ## - SUBJECT ADDED ENTRY--TOPICAL TERM
Topical Term POETRY
942 ## - ADDED ENTRY ELEMENTS (KOHA)
Koha item type Books
Holdings
Withdrawn status Lost status Collection code Home library Current library Shelving location Date acquired Source of acquisition Cost, normal purchase price Full call number Accession Number Koha item type
    Non-fiction Main Library Main Library SHELF-16H-MALAYALAM POEMS 11/03/2014 Purchase 20.00 894.812.1 PON/H 07786 Books